| 000 | 00750 a2200229 4500 | ||
|---|---|---|---|
| 010 | _aTML-30348 | ||
| 020 |
_a8123410654 _c100.00 |
||
| 035 | _aTM-28584 | ||
| 037 | _bD.B.Act / pub / | ||
| 082 | _a894.8113 | ||
| 090 |
_c1182 _d1182 |
||
| 100 | _aசெல்வராஜ், டி | ||
| 245 |
_a தேநீர் _cby டி. செல்வராஜ் |
||
| 246 |
_aTheneer _bby D. Selvaraj |
||
| 250 | _a1st ed | ||
| 260 |
_aChennai _bNew Century Book House _c2006 |
||
| 270 |
_a41b, Sidco Indusrial estate , Ambattur _bChennai _e600098 |
||
| 300 |
_axii. 358p _c18cm |
||
| 650 |
_aTamil Literature _xFiction |
||
| 942 |
_cTM _k894.8113 / SEL |
||
| 999 |
_c1174 _d1174 |
||